000 00561nam a2200169Ia 4500
008 220216s9999 xx 000 0 und d
100 _aJacob J.[a]
245 4 _aThe Kyoto protocol and the Indian plantation sector
260 _bPlacrosym XVI, 2004, Kasaragod, India. Journal of Plantation Crops, 32(Supplement): 480-485.
_c2004
650 _aAfforestation
650 _aCarbon sequestration
650 _aClean development mechanism
650 _aGlobal climate change
650 _aIndian plantation industry
650 _aKyoto protocol
942 _cBS
999 _c52494
_d52494